Responses for show #5174 - Thursday, February 22, 2007

Contestants

Sri Narayanan, a pediatric resident from Cleveland Heights, Ohio

Ursula Ellis, a librarian from Oklahoma City, Oklahoma

Ted Dudley, an airline pilot from Colchester, Vermont (whose 1-day cash winnings total $28,900)

Jeopardy! Round responses

19th CENTURY AMERICA
SEGAL, SIEGEL OR SEAGAL
(Alex: We're going to need first names.)
THAT'S NOT KOSHER!
THE HUMAN ELEMENT
MUSICAL INSTRUMENTS
CROSSWORD CLUES "F"
    $200 11
the Mississippi

Ted
    $200 16
Steven Seagal

Ursula
    $200 17
hooves

Sri
    $200 1
hydrogen

Ted
    $200 23
(Ted: What is... it's not the ukulele...)

a steel guitar

TedSri
    $200 6
fencing

Sri
    $400 12
In God We Trust

Sri
    $400 18
Bugsy Siegel

Sri
    $400 22
scales

Ted
    $400 2
calcium

Ursula
    $400 24
India

Ursula
    $400 7
full

Ted
    $600 13
California

Sri
    $600 19
George Segal

Triple Stumper
    $600 28
veal parmigiana

Sri
    $600 3
fluorine

Sri
    $600 25
a viola

Sri
    $600 8
furrow

Ursula
    $800 14
(Sri: What is Knights of Columbus?)

Labor

Sri
Triple Stumper
    $800 20
Jerry Siegel

Triple Stumper
    $800 29
(Ted: What is lobster?)
(Alex: Be more specific.)
(Ted: What is boiled lobster?)

a lobster roll

Ted
Triple Stumper
    $800 4
(Ted: What is carbon?)

oxygen

TedSri
    $800 26
(Ursula: What is a clavier?)
(Sri: What is a mandolin?)
...
[Ursula was originally ruled incorrect, but was later reimbursed for money taken away, as Alex should have asked her to be more specific. Sri responded incorrectly after her and was reimbursed as well.]

the harpsichord

Ted
    $800 9
fixed

Sri
    $1000 15
Rutgers

Triple Stumper
    $1000 21
Erich Segal

Sri
    $1000 30
a ham hock

Ted
    $1,400 5
carbon

Sri
    $1000 27
the bassoon

Ted
    $1000 10
Fear

Sri

Scores at the first commercial break (after clue 15):

Ted Ursula Sri
$0 $1,000 $5,000

Scores at the end of the Jeopardy! Round:

Ted Ursula Sri
$2,200 $1,600 $8,000

Double Jeopardy! Round responses

THE LIPIZZANERS OF VIENNA
(Alex: Famous horses.)
BEANTOWN TV
THE SUPREME COURTSHIP
(Alex: Each response is a guy and a girl.)
THE NEXT STATE IN ALPHABETICAL ORDER
JOHN DONNE
SOME MEN (& WOMEN) ARE ISLANDS
    $400 2
(Alex: And that was the, perhaps not-so-familiar music of [*].)

Johann Strauss

Triple Stumper
    $400 12
Cheers

Ted
    $400 17
Prince Charles & Princess Diana

Sri
    $400 7
Massachusetts

Sri
    $400 1
(Sri: What's Christmas Day?)

Good Friday

TedSri
    $400 21
Long

Sri
    $800 3
Slovenia

Ted
    $800 13
Boston Legal

Ursula
    $800 18
James Carville & Mary Matalin

Sri
    $800 8
Washington

Sri
    $800 29
(Ted: What is... Westminster--)
(Alex: Too much time!)

St. Paul's Cathedral

Ted
Triple Stumper
    $800 22
Edward

Ursula
    $1200 4
Hapsburg

Ted
    $1200 14
St. Elsewhere

Sri
    $1200 19
Troilus & Cressida

Ted
    $1200 9
Rhode Island

Sri
    $100 30
(Sri: What is the sun also rises?)
...
(Alex: It tolls for thee.)

for whom the bell tolls

Sri
    $1200 23
Felix Trinidad

Triple Stumper
    $1600 5
Felix Salten

Triple Stumper
    $1600 15
(George) Peppard

Ted
    $1600 20
Beatrice & Benedick

Triple Stumper
    $5,000 10
New Hampshire

Sri
    $1600 27
the sun

Triple Stumper
    $1600 24
(Alex: Charles Bronson's wife, [*].)

Jill Ireland

Triple Stumper
    $2000 6
to lift

Sri
    $2000 16
Boston Public

Sri
    $2000 25
Pyramus & Thisbe

Triple Stumper
    $2000 11
Delaware

Sri
    $2000 28
Charles I

Sri
    $2000 26
Diego Garcia

Ted

Scores at the end of the Double Jeopardy! Round:

Ted Ursula Sri
$9,000 $3,200 $25,700
(lock game)

[wagering suggestions for these scores]

Final Jeopardy! Round responses

THE ACADEMY AWARDS
(Alex: [To Sri] You came up with [***]. You're absolutely right, that's one of the three. [*] for Seven Beauties and [**] for The Piano was the other one. None of these ladies won, by the way.)
UrsulaWho is Penny Marshall?
$3,199
TedWho is J. Foster?
$0
SriWho is Sofia Coppola?
$4,300
(1 of) Lina Wertmüller, Jane Campion & Sofia Coppola

Final scores:

Ted Ursula Sri
$9,000 $1 $30,000
2nd place: $2,000 3rd place: $1,000 New champion: $30,000

Game dynamics:

Coryat scores:

Ted Ursula Sri
$9,000 $3,200 $22,000
14 R,
4 W
6 R,
0 W
26 R
(including 2 DDs),
3 W
(including 1 DD)

Combined Coryat: $34,200

The J! Archive is created by fans, for fans. The Jeopardy! game show and all elements thereof, including but not limited to copyright and trademark thereto, are the property of Jeopardy Productions, Inc. and are protected under law. This website is not affiliated with, sponsored by, or operated by Jeopardy Productions, Inc. Join the discussion at JBoard.tv.